Managing Concentrated Stock Wealth (notice n° 1554391)
[ vue normale ]
| 000 -LEADER | |
|---|---|
| fixed length control field | 01772cam a2200277zu 4500 |
| 003 - CONTROL NUMBER IDENTIFIER | |
| control field | FRCYB10079112 |
| 005 - DATE AND TIME OF LATEST TRANSACTION | |
| control field | 20251020123459.0 |
| 008 - FIXED-LENGTH DATA ELEMENTS--GENERAL INFORMATION | |
| fixed length control field | 251020s2005 fr | o|||||0|0|||eng d |
| 020 ## - INTERNATIONAL STANDARD BOOK NUMBER | |
| International Standard Book Number | 9781576601778 |
| 035 ## - SYSTEM CONTROL NUMBER | |
| System control number | FRCYB10079112 |
| 040 ## - CATALOGING SOURCE | |
| Original cataloging agency | FR-PaCSA |
| Language of cataloging | en |
| Transcribing agency | |
| Description conventions | rda |
| 100 1# - MAIN ENTRY--PERSONAL NAME | |
| Personal name | Kochis, Tim |
| 245 01 - TITLE STATEMENT | |
| Title | Managing Concentrated Stock Wealth |
| Remainder of title | An Adviser's Guide to Building Customized Solutions |
| Statement of responsibility, etc. | ['Kochis, Tim'] |
| 264 #1 - PRODUCTION, PUBLICATION, DISTRIBUTION, MANUFACTURE, AND COPYRIGHT NOTICE | |
| Name of producer, publisher, distributor, manufacturer | Bloomberg Press |
| Date of production, publication, distribution, manufacture, or copyright notice | 2005 |
| 300 ## - PHYSICAL DESCRIPTION | |
| Extent | p. |
| 336 ## - CONTENT TYPE | |
| Content type code | txt |
| Source | rdacontent |
| 337 ## - MEDIA TYPE | |
| Media type code | c |
| Source | rdamdedia |
| 338 ## - CARRIER TYPE | |
| Carrier type code | c |
| Source | rdacarrier |
| 520 ## - SUMMARY, ETC. | |
| Summary, etc. | An old adage cautions against putting all of your eggs in a single basket. Yet many investors maintain a significant portion of their wealth in one stock, as a result of executive compensation packages, stock inheritances, IPOs, or corporate buyouts, leaving their portfolio in a dangerous position. Tim Kochis, a recognized leader in financial planning, has compiled more than fifteen strategies for managing concentrated stock wealth. The book explores the key barriers to addressing concentration risk--securities law, taxes, psychological resistance--that clients and their advisers must overcome to successfully manage concentrated stock wealth. This book fills a void in the adviser's arsenal and lays out the options available to clients. Using examples drawn from decades of work, Tim Kochis shows not only what can be done, but also what actually works--and even how concentration can present unique opportunities for preserving and growing wealth. |
| 650 #0 - SUBJECT ADDED ENTRY--TOPICAL TERM | |
| Topical term or geographic name entry element | |
| 700 0# - ADDED ENTRY--PERSONAL NAME | |
| Personal name | Kochis, Tim |
| 856 40 - ELECTRONIC LOCATION AND ACCESS | |
| Access method | Cyberlibris |
| Uniform Resource Identifier | <a href="https://international.scholarvox.com/netsen/book/10079112">https://international.scholarvox.com/netsen/book/10079112</a> |
| Electronic format type | text/html |
| Host name | |
Pas d'exemplaire disponible.




Réseaux sociaux